| 000 | 00468nam a2200205Ia 4500 | ||
|---|---|---|---|
| 005 | 20240823033440.0 | ||
| 008 | 240823s9999||||xx |||||||||||||| ||und|| | ||
| 020 | _a978-81-234-0991-7 | ||
| 041 | _aENGLISH | ||
| 082 | _A507.54 Q1 | ||
| 100 | _aAbdul Kalam A P J | ||
| 245 | 0 | _aIlakku 2020 | |
| 250 | _a3rd | ||
| 260 |
_c2011 _bNew Censuri Book |
||
| 500 | _aYES | ||
| 650 |
_aTamil Books _bGeneral |
||
| 700 | _a Rajan Y S | ||
| 942 | _cBK | ||
| 999 |
_c195844 _d195844 |
||